MARC

LEADER 00000nam0a2200000 4500
001 365551
005 20231102011809.0
035 |a (RuTPU)RU\TPU\retro\22914 
090 |a 365551 
100 |a 20220113d1981 km y0rusy50 ca 
101 0 |a rus 
102 |a RU 
105 |a a z 001zy 
200 1 |a Экспериментальное исследование гидротермального рудообразования  |f Л. Н. Овчинников, А. М. Масалович  |g Академия наук СССР, Институт минералогии, геохимии и кристаллохимии редких элементов 
210 |a Москва  |c Наука  |d 1981 
215 |a 212 с.  |c ил. 
320 |a Библиогр.: с.194-209 
606 1 |a Рудообразование гидротермальное  |2 stltpush  |3 (RuTPU)RU\TPU\subj\26047  |9 50062 
610 1 |a экспериментальные исследования 
610 1 |a сульфидные минералы 
610 1 |a жильные породы 
610 1 |a растворимость 
610 1 |a моделирование 
610 1 |a полиморфизм 
610 1 |a электролиты 
610 1 |a водные растворы 
610 1 |a анализ 
610 1 |a структура 
610 1 |a комплексообразование 
675 |a 553.2.065  |v 4 
700 1 |a Овчинников  |b Л. Н.  |g Лев Николаевич 
701 1 |a Масалович  |b А. М.  |g Александр Михайлович 
712 0 2 |a Академия наук СССР  |b Институт минералогии, геохимии и кристаллохимии редких элементов  |c (Москва)  |2 stltpush  |3 (RuTPU)RU\TPU\col\10887  |9 24943 
801 1 |a RU  |b 63413507  |c 20220113 
942 |c BK